Statistics for Game of Thrones episode titles season 1-8

Click here to take the quiz!

General Stats

  • This quiz has been taken 364 times
  • The average score is 51 of 73

Answer Stats

HintTitle:% Correct
Season 1Winter Is Coming
95%
Season 1Baelor
90%
Season 8The Long Night
90%
Season 3The Rains of Castamere
90%
Season 6Battle of the Bastards
88%
Season 8The Bells
86%
Season 1The Kingsroad
86%
Season 4The Watchers on the Wall
85%
Season 8The Iron Throne
83%
Season 8Winterfell
83%
Season 2Blackwater
81%
Season 4The Children
81%
Season 4The Lion and the Rose
81%
Season 6The Winds of Winter
81%
Season 3Mhysa
80%
Season 1Lord Snow
79%
Season 4The Mountain and the Viper
79%
Season 2Valar Morghulis
79%
Season 7Beyond the Wall
78%
Season 1Fire and Blood
78%
Season 7Dragonstone
76%
Season 5Hardhome
76%
Season 3Valar Dohaeris
76%
Season 1You Win Or You Die
76%
Season 1Cripples, Bastards, and Broken Things
74%
Season 2The North Remembers
74%
Season 1The Wolf and the Lion
74%
Season 6No One
73%
Season 7The Dragon and the Wolf
73%
Season 8A Knight of the Seven Kingdoms
71%
Season 3The Climb
71%
Season 1Golden Crown
70%
Season 3The Bear and the Maiden Fair
70%
Season 5The House of Black and White
70%
Season 6The Red Woman
69%
Season 7The Spoils of War
69%
Season 5Unbowed, Unbent, Unbroken
69%
Season 2What is Dead May Never Die
69%
Season 4Oathkeeper
68%
Season 5The Dance of Dragons
68%
Season 8The Last of the Starks
68%
Season 5Mother's Mercy
66%
Season 1The Pointy End
66%
Season 6The Door
65%
Season 4The Laws of Gods and Men
65%
Season 2The Prince of Winterfell
65%
Season 4Two Swords
65%
Season 3Kissed by Fire
64%
Season 2The Ghost of Harrenhal
64%
Season 3And Now His Watch Is Ended
63%
Season 5Kill the Boy
61%
Season 6Oathbreaker
61%
Season 7The Queen's Justice
61%
Season 4Breaker of Chains
60%
Season 7Eastwatch
60%
Season 5High Sparrow
60%
Season 4Mockingbird
60%
Season 2The Old Gods and the New
60%
Season 5Sons of the Harpy
59%
Season 6Blood of My Blood
58%
Season 2Garden of Bones
58%
Season 7Stormborn
58%
Season 5The Wars To Come
58%
Season 2A Man Without Honor
56%
Season 5The Gift
56%
Season 6Home
55%
Season 3Second Sons
55%
Season 3Dark Wings, Dark Words
54%
Season 2The Night Lands
54%
Season 6Book of the Stranger
53%
Season 6The Broken Man
51%
Season 4First of His Name
50%
Season 3Walk of Punishment
46%

Score Distribution

Percentile by Number Answered

Percent of People with Each Score

Your Score History

You have not taken this quiz